| 000 | 00679nam a2200265 a 4500 | ||
|---|---|---|---|
| 003 | AR-BaBNM | ||
| 005 | 20251128210345.0 | ||
| 008 | 082120s2002 ||||||||||||||000 | spa|| | ||
| 020 | _a84-7506-461-2 | ||
| 040 | _cAR-BaBNM | ||
| 245 | 0 | 0 | _aBiblia de Ferrara |
| 260 |
_aMadrid _bTurner Libros _c1996 |
||
| 300 | _axxvii, 1303 p. | ||
| 490 | 0 |
_aBiblioteca Castro _vv. 46 |
|
| 650 | 4 | _aTEOLOGIA | |
| 650 | 4 | _aTEXTOS SAGRADOS | |
| 650 | 4 | _aBIBLIA | |
| 650 | 4 | _aHISTORIA DE LAS RELIGIONES | |
| 650 | 4 | _aCRISTIANISMO | |
| 650 | 4 | _aDOCTRINAS RELIGIOSAS | |
| 700 | 1 |
_aLazar, Moshe _eeditor |
|
| 800 | 1 |
_aArroyo Stephens, Manuel _eeditor |
|
| 942 | _cBK | ||
| 998 | _cMARTIN | ||
| 999 |
_c15114 _d15114 |
||